000 01064cam a2200277 a 4500
999 _c60276
_d60276
001 16705992
003 Nust
005 20170116160012.0
008 110324r20111996nyub 000 1 eng
010 _a 2011380226
020 _a9780006479888 (pbk.)
040 _aDLC
_cDLC
042 _apcc
050 0 0 _aPS3563.A7239
_bG36 2011
082 0 0 _a813.54
_bMAR
100 1 _aMartin, George R. R.
245 1 2 _aA game of thrones /
_cGeorge R.R. Martin.
250 _aBantam Books movie tie-in trade pbk. ed.
260 _aNew York :
_bBantam Books,
_c2011.
300 _a801 p. :
_bmaps ;
_c24 cm.
490 1 _aA song of ice and fire ;
_vbk. 1
500 _aMaps on p. [2]-[3] of cover.
655 7 _aFantasy fiction.
_2gsafd
800 1 _aMartin, George R. R.
_tSong of ice and fire ;
_vbk. 1.
906 _a7
_bcbc
_corigcop
_d2
_encip
_f20
_gy-gencatlg
942 _2ddc
_cBK